Rules of measurement for the preparation of bills of quantities for building works in the Far East for Service Departments (Record no. 96250)

MARC details
000 -LEADER
fixed length control field 00546cam a2200193 4500
001 - CONTROL NUMBER
control field D4161
008 - FIXED-LENGTH DATA ELEMENTS--GENERAL INFORMATION
fixed length control field 090401t1956 xxu||||| |||| 00| 0 eng d
035 ## - SYSTEM CONTROL NUMBER
System control number (Sirsi) u76801
041 ## - LANGUAGE CODE
Language code of text/sound track or separate title eng
050 ## - LIBRARY OF CONGRESS CALL NUMBER
Classification number 692.3095
110 ## - MAIN ENTRY--CORPORATE NAME
Corporate name or jurisdiction name as entry element Air Ministry
9 (RLIN) 1061
245 ## - TITLE STATEMENT
Title Rules of measurement for the preparation of bills of quantities for building works in the Far East for Service Departments
260 ## - PUBLICATION, DISTRIBUTION, ETC.
Place of publication, distribution, etc. London
Name of publisher, distributor, etc. Air Ministry
Date of publication, distribution, etc. 1956
300 ## - PHYSICAL DESCRIPTION
Extent 13p. 33cm
350 ## - PRICE (NR) (BK AM CF MU VM SE) [OBSOLETE]
Price 0
520 ## - SUMMARY, ETC.
Summary, etc. Filed at SMM 1956/1BC
942 ## - ADDED ENTRY ELEMENTS (KOHA)
Suppress in OPAC 0
948 ## - LOCAL PROCESSING INFORMATION (OCLC); SERIES PART DESIGNATOR (RLIN)
c (OCLC) 04/03/1997
Holdings
Withdrawn status Lost status Source of classification or shelving scheme Damaged status Not for loan Home library Current library Shelving location Date acquired Total Checkouts Full call number Barcode Date last seen Copy number Price effective from Koha item type Date last checked out
    Other/Generic Classification Scheme     London London Boxed set 15/01/1992   SMM 1956/1 30032208 06/08/2019 1 06/08/2019 Reference material  
    Other/Generic Classification Scheme     London London Gallery 15/01/1992 1 SMM 1956/1 30032212 06/08/2019 1 06/08/2019 Book 11/11/1999